00817cam a22002291 450000100060000000300080000600500170001400800390003103500190007004000230008904100110011208200210012310000340014424500950017825000160027326000650028930000210035450001170037565000400049265100320053270000230056424521BD-RjUL20211209001049.0140313s19531934nyu 001 0 eng a(BD-RjUL)24588 aDLCcDLCdDLCbeng1 aengita00a940.27bCRH 19531 aCroce, Benedetto,d1866-1952.00aHistory of Europe in the nineteenth century /ctranslated from the Italian by Henry Furst. a3rd. impre. aLondon :bgeorge allen & unwin ltd.,c1934 [impressiom 1953] a375 p. ;c22 cm. a"The present translation has been made from the third Italian edition (Bari, Laterza, 1932)"--Translator's pref. 0aCivilization, Moderny19th century. 0aEuropexHistoryy1789-1900.1 aFurst, Henry,etr.